|
|
|
|
| LEADER |
01257nam a2200241 a 4500 |
| 001 |
4203894 |
| 008 |
100118s1980 gw a b 000 0 eng d |
| 010 |
|
|
|a 80670273
|
| 020 |
|
|
|a 3881561471 (pbk.)
|
| 040 |
|
|
|a DLC
|c DLC
|d DLC
|d DB-DhAAL
|
| 082 |
0 |
0 |
|a 307.7/2/096651
|2 19
|
| 100 |
1 |
|
|a Benini, Aldo Albert.
|
| 245 |
1 |
0 |
|a Community development in a multi-ethnic society, the upper river division of the Gambia, West Africa :
|b with minor comparative studies from Upper Volta and Benin.
|
| 260 |
|
|
|a Saarbrücken, Germany ;
|a Fort Lauderdale [Fla.] :
|b Verlag breitenbach,
|c 1980.
|
| 300 |
|
|
|a xvi, 366 p. :
|b ill. ;
|c 22 cm.
|
| 490 |
0 |
|
|a Bielefelder Studien zur Entwicklungssoziologie,
|x 0171-7537 ;
|v bd. 8
|
| 504 |
|
|
|a Bibliography: p. 355-366.
|
| 541 |
1 |
|
|e 00001007
|
| 650 |
|
0 |
|a Community development
|z Gambia.
|
| 852 |
4 |
|
|a Ayesha Abed Library
|j General Shelf.
|
| 999 |
|
|
|c 7079
|d 7079
|
| 952 |
|
|
|0 0
|1 0
|2 ddc
|4 0
|6 307_720966510000000_BEN_1980
|7 0
|9 7351
|a BRACUL
|b BRACUL
|c GEN
|d 2010-01-21
|g 0.00
|l 0
|o 307.72096651 BEN
|p 3010001007
|r 2010-01-21
|t 1
|w 2010-01-21
|y BK
|z Not price in Register
|
| 952 |
|
|
|0 0
|1 0
|2 ddc
|4 0
|6 307_720966510000000_BEN
|7 0
|9 44683
|a BRACUL
|b BRACUL
|c GEN
|d 2015-01-10
|g 0.00
|l 0
|o 307.72096651 BEN
|p 3010004449
|r 2015-01-10
|t 2
|w 2015-01-10
|y BK
|z Not price in Register
|